01279nam a2200265 a 450000500170000001000140001702000270003103500130005803700270007108200100009810000300010824500760013826001070021427000670032130000390038850400500042752001450047765000270062265000330064965000390068271000740072194200240079599900170081995201770083620110404110720.0 a B-425043 a9788173053610c1250.00 aB-425043 bResearchco Book Centre a279.31 aSrivastava, Kumkum93222014aThe wandering Sufis :bQalandars and their path /cby Kumkum Srivastava aNew DelhibIndira Gandhi Rashtriya Manav Sangrahalaya and Aryan Books International, New Delhi,c2009. aPooja Apartment, 4B, Ansari Road, DaryaganjbNew Delhie110002 axviii, 267 p. c25 cm(Hb) bphotos aIncludes bibliographical references and index aStudy of Qalandarīyah, Sufi sect from perspective of historical anthropology and their shrines in Delhi and Pānīpat in Haryana, India. 0aQalandarīyah.932221 0aSufismzIndiazDelhi.932222 0aSufismzIndiazPānīpat.9322232 aIndirā Gāndhī Rāshṭrīya Mānava Saṅgrahālaya.927001 2ddccENmSRIh279.3 c51397d51397 001040708NFICaLbLd2011-08-10eResearchco Book Centre/RBC-22386/2011-12/14.3.11/76/4.3.11/23.3.11g1250.00l0o279.3 SRIpB-425043r2011-08-10 00:00:00t1v1250.00yEN